| 000 | 00475nam a22001457a 4500 | ||
|---|---|---|---|
| 020 | _a0-07-460399-X | ||
| 082 |
_a526.9 _bBAS _cNUST, P-22 |
||
| 100 |
_aN N BASAK _940065 |
||
| 245 |
_aSurveying and Levelling _cN N Basak |
||
| 250 | _aFourth Reprint 1999 | ||
| 260 |
_aHill Publishing Company Limited New Delhi _bHill Publishing Company Limited _c1999 |
||
| 526 |
_a0 _b0 _c0 _d526_900000000000000_BAS |
||
| 650 |
_aSurveying and Leveling _bNUST/MCE _940066 |
||
| 942 |
_2ddc _cBK |
||
| 999 |
_c544439 _d544439 |
||